000 00833nam a22002057a 4500
010 _aB-446974
020 _a9780140299700
_c299.00
035 _aB-446974
037 _bBlue Berry/Ven
082 _a791.4372
100 _aChopra, Anupama
_943156
245 _aSholay :
_bthe making of classic /
_cby Anupama Chopra
260 _aNew Delhi
_bPenguin Books
_c2000
270 _a11, Community Center,Panchsheel Park,
_bNew Delhi
_e110017
300 _a194p.
_b22cm.
700 _942236
942 _2ddc
_cEN
_mCHO
_h791.4372
999 _c63122
_d63122